Landen rond de Zwarte Zee - Statistieken

Algemene statistieken
  • Deze quiz is 59 keer genomen
  • De gemiddelde score is 5 van 6
Antwoordstatistieken
Country % Correct
Rusland
98%
Turkije
98%
Oekraïne
93%
Georgië
89%
Bulgarije
87%
Roemenië
84%
Geen overeenkomende quizzen gevonden
Scoreverdeling
Procent van Mensen met Elke Score
Percentiel versus Aantal Correcte Antwoorden
Uw Scoregeschiedenis
U heeft deze quiz nog niet genomen